Hind yatra (Record no. 243663)

000 -LEADER
fixed length control field 00293 a2200133 4500
001 - CONTROL NUMBER
control field 8590
082 ## - DEWEY DECIMAL CLASSIFICATION NUMBER
Classification number 915.4 MUF
090 ## - LOCALLY ASSIGNED LC-TYPE CALL NUMBER (OCLC); LOCAL CALL NUMBER (RLIN)
-- 6913
-- 6913
100 ## - MAIN ENTRY--PERSONAL NAME
Personal name Mufti Mumtaz
245 ## - TITLE STATEMENT
Title Hind yatra
Statement of responsibility, etc. mumtaz mufti
260 ## - PUBLICATION, DISTRIBUTION, ETC.
Place of publication, distribution, etc. Lahore
Name of publisher, distributor, etc. Ferozsons
Date of publication, distribution, etc. 2008
300 ## - PHYSICAL DESCRIPTION
Extent 343 p.
650 ## - SUBJECT ADDED ENTRY--TOPICAL TERM
Topical term or geographic name entry element urdu zabanb
942 ## - ADDED ENTRY ELEMENTS (KOHA)
Institution code [OBSOLETE] NUST-CAE
Call number prefix 915.4 MUF
Holdings
Withdrawn status Lost status Damaged status Not for loan Collection code Permanent Location Current Location Date acquired Total Checkouts Full call number Barcode Date last seen Price effective from Koha item type
          College of Aeronautical Engineering (CAE) College of Aeronautical Engineering (CAE) 04/03/2017   915.4 MUF CAE66191 04/05/2017 04/05/2017 Book
          College of Aeronautical Engineering (CAE) College of Aeronautical Engineering (CAE) 04/03/2017   915.4 MUF CAE88638 04/05/2017 04/05/2017 Book
© 2023 Central Library, National University of Sciences and Technology. All Rights Reserved.